Progress Typing #1 - Statistics

General Stats
  • This quiz has been taken 196 times
  • The average score is 11 of 15
Answer Stats
Word % Correct
Of
100%
Can
89%
Boat
85%
Apple
84%
Laptop
84%
Process
84%
Simplify
84%
Community
81%
Eliminated
80%
Celebration
73%
Civilization
67%
Extraordinary
56%
Interpretation
46%
Kindheartedness
38%
Congratulations you win
23%
No matching quizzes found
Score Distribution
Percent of People with Each Score
Percentile by Number Answered
Your Score History
You have not taken this quiz